Missing Word: 17th Century Europe A-Z Quiz Stats

 Plays Quiz Updated Jun 27, 2017

Support Sporcle.
Go Orange.
Score 0/24 Timer 04:00
0 Plays Today
Hint Answer % Correct
Isaac ____ - scientistNewton
95.4%
As ____ Like It - premiered c.1603You
93.6%
Girl with a Pearl ____ - painted c.1665Earring
91.7%
____ Bacon - philosopherFrancis
89%
Don ____ - published 1605Quixote
86.9%
____ Milton - authorJohn
82.9%
Lloyd's of ____ - founded 1688London
77.2%
William of ____ - kingOrange
74.1%
Pope ____ VIIIUrban
71.8%
____ Richelieu - statesmanCardinal
68.8%
____ van Rijn - painterRembrandt
64.4%
____ Plot - 1605Gunpowder
63.9%
Hint Answer % Correct
Queen Christina of ____Sweden
56.8%
Gustavus ____ - kingAdolphus
51.5%
Defenestration of ____ - 1618Prague
51.4%
Johannes ____ - painterVermeer
47.5%
Wars of the Three ____ - 1639-1651Kingdoms
38.2%
Thomas ____ - philosopherHobbes
37.6%
Würzburg ____ trial - 1626–1631Witch
32.2%
Tulip ____ - peaked 1637Mania
29.9%
____ Spinoza - philosopherBaruch
27%
Time of ____ - 1598-1613Troubles
25.5%
False ____ I - tsarDmitriy
21.2%
The ____ Invalid - premiered 1673Imaginary
12.4%

Today's Daily Dose

Word Ladder
New Dimensions!

Quick Pick
'Animal' Fish

Get the Picture
Bird or Food?

You're not logged in!

Compare scores with friends on all Sporcle quizzes.
OR
Log In
Forgot?

From the Vault

Europe by Soccer Teams

by NO_r_WAY

Imagine if countries mapped themselves by sports teams.
Remove Ads.
Support Sporcle.
Get the best of Sporcle when you Go Orange. This ad-free experience offers more features, more stats, and more fun while also helping to support Sporcle. Thank you for becoming a member.

Show Comments

Extras

Top Quizzes Today


Score Distribution

Your Account Isn't Verified!

In order to create a playlist on Sporcle, you need to verify the email address you used during registration. Go to your Sporcle Settings to finish the process.

Report this User

Report this user for behavior that violates our Community Guidelines.

Details: